Statistics for Every Aerosmith song that hit the Billboard hot 100

Click here to take the quiz!

General Stats

  • This quiz has been taken 54 times
  • The average score is 15 of 28

Answer Stats

Peak Chart PositionYearSong% Correct
101977Walk This Way
93%
11998I Don't Want To Miss A Thing
89%
51989Love In An Elevator
84%
61976Dream On
84%
141987Dude (Looks Like A Lady)
82%
121993Cryin'
82%
171994Crazy
80%
41990Janie's Got A Gun
73%
361975Sweet Emotion
70%
181993Livin' On The Edge
68%
31988Angel
68%
72001Jaded
61%
271998Pink
59%
171988Rag Doll
57%
241994Amazing
57%
91990What It Takes
55%
381977Back In The Saddle
41%
221990The Other Side
36%
211976Last Child
36%
351997Falling In Love (Is Hard On The Knees)
32%
231978Come Together
30%
421977Draw The Line
30%
701978Kings And Queens
30%
511997Hole In My Soul
25%
481994Blind Man
20%
671980Remember (Walking In The Sand)
18%
771979Chip Away The Stone
18%
711976Home Tonight
9%

Score Distribution

Percentile by Number Answered

Percent of People with Each Score

Your Score History

You have not taken this quiz